000 00770nam a2200289Ia 4500
001 Para_6866
003 CHAP
008 220125s1974 xx 000 0 und d
010 _a205644
040 _cCHAP
082 _aPA 633.15 C5
110 _aCIMMYT
_923309
245 _aEl Plan Puebla :
_b siete años de experiencia 1967-1973 /
_c CIMMYT
260 _aMéxico :
_b El Centro
300 _a127 p.
650 _aMaíz
_x mejoramiento
_971006
650 _aMaíz
_x Puebla
_9164983
650 _aMaíz
_x rendimiento
_971051
650 _aPlan Puebla
_988678
901 _aPA 633.15 C5
902 _aA
905 _a0000001974 a 0000000000 00
910 _a1974
942 _cPARA
942 _cPARA
_d1
999 _c205644
_d205644